000 00776cam a2200253 a 4500
001 1996448
005 20180205071757.0
008 900822s1991 dcua bc f001 0 eng
010 _a 90010289
020 _a1560980354 (cloth)
020 _a1560980362 (paper)
040 _aDLC
_cDLC
_dDLC
_dOCoLC
041 _aeng
043 _an------
_as------
_ae-sp---
080 _a970.01/5 her
082 0 0 _a970.01/5 her
_220
100 _a16
101 _ahis
245 0 0 _aSeeds of change :
_cedited by Herman J. Viola and Carolyn Margolis.
504 _aIncludes bibliographical references (p. 264-268) and index.
906 _a7
_bcbc
_corignew
_d1
_eocip
_f19
_gy-gencatlg
942 _2ddc
_cBK
999 _c41757
_d41757